Restaurants 3 étoiles et leurs chefs - Statistiques

Statistiques générales
  • Ce quiz a été pris 29 fois
  • Le résultat moyen est 7 sur 30
Statistiques - réponses
Restaurant - Chef % Correct
Pic Anne-Sophie Pic
59%
AM Alexandre Mazzia
50%
Le Pré Catelan Frédéric Anton
45%
Pierre Gagnaire
41%
Arpège Alain Passard
36%
La Marine Alexandre Couillon
36%
Mirazur Mauro Colagreco
36%
Plénitude Arnaud Donckele
36%
Kei Kei Kobayashi
32%
L'Ambroisie Bernard Pacaud
32%
Le Cinq Christian Le Squer
32%
Epicure Arnaud Faye
27%
La Table du Castellet Fabien Ferré
27%
Le Gabriel Jérome Banctel
27%
Le Petit Nice Gérald Passedat
27%
La Villa Madie Dimitri Droisneau
23%
Le 1947 Yannick Alléno
23%
L'Oustau de Baumanière Glenn Viel
23%
Alléno Paris Yannick Alléno
18%
Assiette Champenoise Arnaud Lallement
18%
Auberge du Vieux Puits Gilles Goujon
18%
La Vague d'Or Arnaud Donckele
18%
Troisgros César troisgros
14%
Flocons de Sel Emmanuel Renaut
9%
Georges Blanc
9%
Maison Lameloise Éric Pras
9%
Restaurant Marcon Jacques Paul Marcon
5%
Le Clos des Sens Franck Derouet
0%
Le Louis XV Emmanuel Pilon
0%
Les Prés d'Eugénie Hugo Souchet
0%
Aucun quiz correspondant
Distribution des résultats
% des personnes avec chaque résultat
Percentile par nombre de réponses
Votre historique - résultats
Vous n’avez pas pris ce quiz